|
|
|
|
| LEADER |
00873cam a2200229 7i4500 |
| 001 |
0000026517 |
| 005 |
20230314090000.0 |
| 008 |
090318 eng |
| 020 |
|
|
|a 9780446199742
|
| 020 |
|
|
|a 0446199745
|
| 090 |
0 |
0 |
|a BF639
|b .L67 2006
|
| 100 |
1 |
|
|a Losier, Michael J
|
| 245 |
1 |
0 |
|a Law of attraction :
|b the science of attracting more of what you want and less of what you don't
|c Michael J. Losier.
|
| 260 |
|
|
|a New York:
|b Wellness Centre,
|c 2006.
|
| 300 |
|
|
|a 142 p.;
|c 21 cm.
|
| 500 |
|
|
|a Gift: Dr. Habrizah Hussin
|
| 504 |
|
|
|a Includes bibliographical references
|
| 650 |
0 |
0 |
|a New Thought
|
| 999 |
|
|
|a 0000032692
|b BOK
|c OPEN SHELF
|e 1st Floor, Shah Alam
|
| 999 |
|
|
|a 0000032693
|b BOK
|c OPEN SHELF
|e 1st Floor, Bestari Jaya
|
| 999 |
|
|
|a 0000032694
|b BOK
|c OPEN SHELF
|e 1st Floor, Bestari Jaya
|
| 999 |
|
|
|a 0000069830
|b BOK
|c OPEN SHELF
|e 1st Floor, Shah Alam
|